| 000 | 00431nam a22001697a 4500 | ||
|---|---|---|---|
| 003 | OSt | ||
| 008 | 250505b |||||||| |||| 00| 0 eng d | ||
| 020 | _a9789352139026 | ||
| 082 | _a005.133 BUD | ||
| 100 | _aWEIDMAN,Seth | ||
| 245 | _aDeep Learning from Scratch : Building with Python from first Principles | ||
| 250 | _a2nd Ed | ||
| 260 |
_aMumbai _bSPD _c2024 |
||
| 300 | _a235 | ||
| 650 | _aDeep Learning | ||
| 942 |
_2ddc _cBK |
||
| 999 |
_c13516 _d13516 |
||